Rozpoznaj polskie miasta po zdjęciach #4 - Statystyki

Ogólne statystyki
  • Ten quiz został rozwiązany 92 razy
  • Średni wynik to 3 z 12
Statystyki odpowiedzi
Obrazkowy Odpowiedź % Poprawnych
Zamość
88%
Płock
40%
Gliwice
38%
Legnica
36%
Nowy Sącz
27%
Siedlce
23%
Bielsko-Biała
22%
Łomża
18%
Nowa Ruda
15%
Przemyśl
10%
Giżycko
3%
Zgierz
3%
Nie znaleziono quizów pasujących do podanych kryteriów
Rozkład punktacji
Procent ludzi z każdym wynikiem
Percentyl według liczby udzielonych odpowiedzi
Twoja historia wyników
Nie rozwiązałeś tego quizu